000 00694nam a2200217 u 4500
005 20240314063645.0
008 121129s2007 es r 000 0 spa d
020 _a9788426135919
035 _aUPN01000189000
049 _aI
050 4 _aPS3552 A6.4
_bZ6.7
100 1 _aBanks, Kate,
_d1960-
_933486
245 1 3 _aEl zorrito /
_cKate Banks ; il. Georg Hallensleben, tr. Elodie Bourgeois Bertín.
260 _aBarcelona, Esp. :
_bJuventud,
_c2007.
300 _a34 p. :
_bprincipalmente il. col.
534 _pTïtulo original:
_tFox
650 4 _aCuentos infantiles estadounidenses
_910762
650 4 _aZORROS -
_vCUENTOS Y LEYENDAS
_921874
905 _aInfantil
999 _c161103
_d161103